[Event "2. Hrvatska liga zapad 2017."]
[Site "Pula, Gospić, Rijeka"]
[Date "2017.03.25"]
[Round "1.5"]
[White "Gradiser, Dragoljub"]
[Black "Lulic, Igor"]
[Result "0-1"]
[WhiteElo "1917"]
[BlackElo "2012"]
[PlyCount "100"]
[EventDate "2017.03.25"]

1. e4 c5 2. Nf3 e6 3. d4 cxd4 4. Nxd4 a6 5. Nc3 d6 6. Be3 Nf6 7. Bd3 Be7 8. f3
b5 9. a3 Bb7 10. Qd2 Nbd7 11. O-O O-O 12. Rad1 Rc8 13. Qe2 Qc7 14. Nb3 Nc5 15.
Nxc5 dxc5 16. Qf2 Rfd8 17. Be2 Bd6 18. g3 Rd7 19. Rd2 Qc6 20. Rfd1 b4 21. Nb1
Be5 22. Rxd7 Nxd7 23. axb4 cxb4 24. c3 a5 25. cxb4 axb4 26. b3 Bf6 27. Nd2 Ne5
28. Nc4 Nxc4 29. Bxc4 Ba6 30. Bxa6 Qxa6 31. Qd2 h6 32. Qxb4 Qe2 33. Qe1 Qxf3
34. Bf2 Bc3 35. Qf1 Qxe4 36. Qd3 Qb4 37. Rb1 Bf6 38. Qd7 Rd8 39. Qa4 Qd2 40.
Qc4 Qa2 41. Qf1 Rd2 42. b4 Rxf2 43. Qxf2 Qxb1+ 44. Kg2 Qe4+ 45. Kh3 Qxb4 46.
Qc2 Qc3 47. Qe4 Qd4 48. Qa8+ Kh7 49. Qe8 Qd3 50. Qc6 Qf1+ 0-1

[Event "2. Hrvatska liga zapad 2017."]
[Site "Pula, Gospić, Rijeka"]
[Date "2017.03.25"]
[Round "1.5"]
[White "Bogdanic, Katarina"]
[Black "Baljak, Jadranko"]
[Result "1/2-1/2"]
[WhiteElo "1994"]
[BlackElo "1821"]
[PlyCount "61"]
[EventDate "2017.03.25"]

1. c4 g6 2. g3 Bg7 3. Bg2 d6 4. Nc3 e5 5. d3 c5 6. Nf3 Ne7 7. O-O O-O 8. Ne1
Nbc6 9. Nc2 Be6 10. Ne3 Rb8 11. Ned5 a6 12. Qa4 Bd7 13. Rb1 Nd4 14. Qd1 b5 15.
cxb5 axb5 16. b4 Nxd5 17. Nxd5 Be6 18. e3 Bxd5 19. Bxd5 Nf5 20. Bd2 Qb6 21. Qf3
Ne7 22. Bb3 Qb7 23. Qe2 Kh8 24. Rfc1 Qa7 25. Rc2 f5 26. Rbc1 Rfc8 27. Be6 Rc7
28. bxc5 dxc5 29. Bb3 Rbc8 30. Be6 Rb8 31. Bb3 1/2-1/2

[Event "2. Hrvatska liga zapad 2017."]
[Site "Pula, Gospić, Rijeka"]
[Date "2017.03.25"]
[Round "1.5"]
[White "Prpic, Milan"]
[Black "Brzac, Marijan"]
[Result "0-1"]
[WhiteElo "1791"]
[BlackElo "1829"]
[PlyCount "88"]
[EventDate "2017.03.25"]

1. Nf3 e6 2. e4 d5 3. exd5 exd5 4. d4 Nf6 5. Bd3 Be7 6. O-O O-O 7. Ne5 c5 8. c3
Nc6 9. Be2 Bf5 10. Be3 Rc8 11. Qa4 cxd4 12. Nxc6 bxc6 13. cxd4 Qb6 14. b3 c5
15. Rd1 c4 16. bxc4 Qb2 17. Nd2 Bc2 18. Rdb1 Qxb1+ 19. Rxb1 Bxa4 20. Rb7 Bd6
21. c5 Bb8 22. Rb4 Bc2 23. Rb2 Bf5 24. f3 Rfe8 25. Kf2 Bxh2 26. Bg5 Nh5 27. Nf1
Bf4 28. Bxf4 Nxf4 29. Ne3 Bd3 30. Bd1 Bc4 31. Bc2 Rb8 32. Rxb8 Rxb8 33. Nxc4
dxc4 34. Ke3 Nxg2+ 35. Ke4 f5+ 36. Ke5 Re8+ 37. Kd6 Ne3 38. Ba4 Rd8+ 39. Ke5 c3
40. c6 Nc4+ 41. Kxf5 c2 42. Bxc2 Ne3+ 43. Ke5 Nxc2 44. d5 Nb4 0-1

[Event "2. Hrvatska liga zapad 2017."]
[Site "Pula, Gospić, Rijeka"]
[Date "2017.03.26"]
[Round "2.1"]
[White "Muskardin, Mario"]
[Black "Crepan, Marjan"]
[Result "1-0"]
[WhiteElo "2230"]
[BlackElo "2311"]
[PlyCount "77"]
[EventDate "2017.03.25"]

1. Nf3 d5 2. c4 c6 3. d4 Nf6 4. e3 Bf5 5. Bd3 Bxd3 6. Qxd3 e6 7. O-O Nbd7 8. b3
Be7 9. Nbd2 O-O 10. Bb2 a5 11. a3 Qb8 12. e4 dxe4 13. Nxe4 Rd8 14. Rad1 Qc7 15.
Rfe1 Nxe4 16. Qxe4 Bf6 17. Bc1 Nf8 18. Rd3 a4 19. b4 b5 20. Bf4 Qb6 21. Rc1 Ng6
22. Be3 bxc4 23. Rxc4 Rd5 24. g4 h6 25. Rdc3 Ne7 26. h4 g5 27. hxg5 hxg5 28.
Rc5 Rad8 29. Bxg5 Bxg5 30. Nxg5 Ng6 31. Nxf7 Kxf7 32. Rxc6 Qxc6 33. Rxc6 Nf8
34. Qf4+ Ke7 35. g5 Rf5 36. Rxe6+ Nxe6 37. Qxf5 Rxd4 38. Qf6+ Kd6 39. g6 1-0

[Event "2. Hrvatska liga zapad 2017."]
[Site "Pula, Gospić, Rijeka"]
[Date "2017.03.26"]
[Round "2.1"]
[White "Tirkajla, Boris"]
[Black "Prpic, Ivan"]
[Result "1-0"]
[WhiteElo "2069"]
[BlackElo "1959"]
[PlyCount "73"]
[EventDate "2017.03.25"]

1. f4 e6 2. Nf3 c5 3. g3 Nf6 4. Bg2 Nc6 5. d3 d5 6. O-O Qc7 7. Nc3 a6 8. e4 d4
9. Ne2 Be7 10. h3 O-O 11. g4 b5 12. Ng3 g6 13. g5 Nd7 14. e5 Bb7 15. Ne4 Rfd8
16. Nf6+ Nxf6 17. gxf6 Bf8 18. a3 Na5 19. Bd2 Bd5 20. Qe1 Nc6 21. Ng5 h6 22.
Ne4 Qd7 23. Qg3 Qe8 24. Bf3 Rac8 25. h4 c4 26. h5 Kh7 27. Rf2 b4 28. axb4 Nxb4
29. hxg6+ fxg6 30. Bxb4 Bxb4 31. Rh2 Bf8 32. Ng5+ Kh8 33. Bxd5 Rxd5 34. Rxa6
cxd3 35. Qxd3 Ra8 36. f7 Qb8 37. Qxg6 1-0

[Event "2. Hrvatska liga zapad 2017."]
[Site "Pula, Gospić, Rijeka"]
[Date "2017.03.26"]
[Round "2.1"]
[White "Gradiser, Dragoljub"]
[Black "Okrugic, Tomislav"]
[Result "1/2-1/2"]
[WhiteElo "1917"]
[BlackElo "1915"]
[PlyCount "84"]
[EventDate "2017.03.25"]

1. e4 c5 2. Nf3 g6 3. d4 cxd4 4. Nxd4 Bg7 5. Be3 Nc6 6. Nc3 Nf6 7. Bc4 O-O 8.
f3 Qb6 9. Bb3 Nxe4 10. Nf5 Nxc3 11. Qd3 Qb5 12. Nxg7 Qxd3 13. cxd3 Kxg7 14.
bxc3 d6 15. h4 h5 16. d4 Bf5 17. Kf2 Rac8 18. Rac1 b5 19. Rhg1 Na5 20. g4 hxg4
21. fxg4 Be6 22. Bxe6 fxe6+ 23. Ke2 Nc4 24. Bg5 Rf7 25. Rcf1 Rcf8 26. Rxf7+
Rxf7 27. Rf1 e5 28. Rxf7+ Kxf7 29. h5 e6 30. Kd3 d5 31. h6 e4+ 32. Ke2 Nb2 33.
Bf4 Nd3 34. Bd2 a5 35. a3 a4 36. g5 Kg8 37. Be3 Nb2 38. Bc1 Nc4 39. Kf2 Kh7 40.
Ke2 Nd6 41. Ke3 Nc4+ 42. Ke2 Kg8 1/2-1/2

[Event "2. Hrvatska liga zapad 2017."]
[Site "Pula, Gospić, Rijeka"]
[Date "2017.03.26"]
[Round "2.1"]
[White "Grego, Ludvig"]
[Black "Baljak, Jadranko"]
[Result "1-0"]
[WhiteElo "1921"]
[BlackElo "1821"]
[PlyCount "95"]
[EventDate "2017.03.25"]

1. c4 g6 2. Nf3 Bg7 3. g3 d6 4. Bg2 e5 5. Nc3 c5 6. d3 Nc6 7. Rb1 Nge7 8. a3 a5
9. O-O O-O 10. Bd2 h6 11. e3 Be6 12. Qe2 f5 13. Ne1 g5 14. Nc2 Rb8 15. b4 b6
16. Nd5 Qd7 17. Nxe7+ Nxe7 18. bxa5 bxa5 19. Bxa5 f4 20. Bd2 Bh3 21. f3 Bxg2
22. Qxg2 Qa4 23. Bc3 Rb3 24. Rxb3 Qxb3 25. Qd2 Nf5 26. exf4 Nd4 27. Bxd4 exd4
28. fxg5 hxg5 29. Rf2 Bf6 30. Kg2 Kg7 31. Qe2 Qa4 32. Qd2 Re8 33. Re2 Rb8 34.
Qe1 Qc6 35. Qf2 Rh8 36. Kg1 Rb8 37. Qg2 Qa4 38. h3 Rb3 39. Ne1 Qxa3 40. f4 Rb1
41. Kh2 Qa1 42. Nf3 gxf4 43. gxf4+ Kf7 44. Ng5+ Bxg5 45. fxg5 Re1 46. Qd5+ Kf8
47. Qxd6+ Kf7 48. Qe6+ 1-0

[Event "2. Hrvatska liga zapad 2017."]
[Site "Pula, Gospić, Rijeka"]
[Date "2017.03.26"]
[Round "2.1"]
[White "Prpic, Milan"]
[Black "Petrovic, Neven"]
[Result "0-1"]
[WhiteElo "1791"]
[BlackElo "1926"]
[PlyCount "92"]
[EventDate "2017.03.25"]

1. d4 Nf6 2. c4 g6 3. Nc3 Bg7 4. Nf3 O-O 5. e3 d6 6. Be2 Nbd7 7. O-O e5 8. d5
a5 9. Qc2 Nc5 10. e4 Bg4 11. h3 Bxf3 12. Bxf3 Ne8 13. Be3 Rb8 14. Bxc5 dxc5 15.
Qa4 b6 16. Nb5 Nd6 17. Na7 Qh4 18. Nc6 Rbe8 19. Rfe1 f5 20. Qc2 h5 21. Kh2 Qf4+
22. Kg1 h4 23. Qc1 fxe4 24. Qxf4 Rxf4 25. Be2 Ref8 26. Rf1 Nf5 27. Bg4 Nd4 28.
Rad1 Kh7 29. b3 Nc2 30. Rc1 Nb4 31. Nxb4 axb4 32. Rcd1 Bh6 33. d6 cxd6 34. Rxd6
e3 35. f3 Rd4 36. Rd5 Bf4 37. Re1 Rd2 38. Kf1 Ra8 39. Rxd2 exd2 40. Rd1 Rxa2
41. Bd7 Rb2 42. Ba4 Rc2 43. Ke2 Rc1 44. Bd7 Kg7 45. Bc6 Kf6 46. Rf1 Rxf1 0-1

[Event "2. Hrvatska liga zapad 2017."]
[Site "Pula, Gospić, Rijeka"]
[Date "2017.03.26"]
[Round "2.2"]
[White "Karabaic, Ivan"]
[Black "Krkljes, Slaven"]
[Result "1-0"]
[WhiteElo "2170"]
[BlackElo "2196"]
[PlyCount "61"]
[EventDate "2017.03.25"]

1. Nf3 Nf6 2. g3 c5 3. Bg2 e6 4. c4 Be7 5. O-O a6 6. Nc3 O-O 7. d4 cxd4 8. Nxd4
d6 9. b3 Ra7 10. Bb2 b6 11. Rc1 Bb7 12. Bxb7 Rxb7 13. e4 Qc7 14. Qe2 Nbd7 15.
Rfd1 Rc8 16. Nd5 exd5 17. cxd5 Nc5 18. b4 Nfxe4 19. bxc5 Nxc5 20. Nf5 f6 21.
Qg4 Bf8 22. Bxf6 Re8 23. Re1 Rbb8 24. Ne7+ Kh8 25. Re3 Qd7 26. Qg5 Qb5 27. Rce1
Nd3 28. a4 Qc4 29. Nf5 Nxe1 30. Bxg7+ Kg8 31. Nh6# 1-0

[Event "2. Hrvatska liga zapad 2017."]
[Site "Pula, Gospić, Rijeka"]
[Date "2017.03.26"]
[Round "2.2"]
[White "Pavlovic, Ranko"]
[Black "Monjac, Mislav"]
[Result "1/2-1/2"]
[WhiteElo "2159"]
[BlackElo "2197"]
[PlyCount "35"]
[EventDate "2017.03.25"]

1. d4 Nf6 2. Nf3 e6 3. Bf4 b6 4. e3 Bb7 5. Nbd2 d6 6. Be2 Nbd7 7. O-O h6 8. c3
Nh5 9. Bg3 Nxg3 10. hxg3 g6 11. Qc2 Bg7 12. Rfd1 O-O 13. Ne1 c5 14. Bf3 Bxf3
15. gxf3 Qc7 16. f4 Rac8 17. Nef3 Rfd8 18. Rac1 1/2-1/2

[Event "2. Hrvatska liga zapad 2017."]
[Site "Pula, Gospić, Rijeka"]
[Date "2017.03.26"]
[Round "2.2"]
[White "Samblic, Silvano"]
[Black "Levar, Nenad"]
[Result "1-0"]
[WhiteElo "1973"]
[BlackElo "1997"]
[PlyCount "79"]
[EventDate "2017.03.25"]

1. e4 c5 2. Nc3 Nc6 3. d3 e6 4. g3 Nge7 5. Bg2 g6 6. Be3 b6 7. Qd2 h6 8. Nge2
Bg7 9. h4 Bb7 10. h5 g5 11. f4 f6 12. d4 cxd4 13. Nxd4 a6 14. O-O-O Na5 15. Qd3
Rc8 16. Nxe6 dxe6 17. Qxd8+ Rxd8 18. Rxd8+ Kxd8 19. Bxb6+ Ke8 20. Bxa5 f5 21.
Rd1 Nc6 22. Bb6 Ne7 23. Rd8+ Kf7 24. Rd7 Bc6 25. Rc7 Bxc3 26. bxc3 Rb8 27. Bc5
Rb7 28. Rxe7+ Rxe7 29. Bxe7 Kxe7 30. fxg5 hxg5 31. Bf1 Bxe4 32. Bxa6 Bf3 33. h6
Kf6 34. Bc8 Bd5 35. a4 f4 36. gxf4 gxf4 37. a5 e5 38. a6 f3 39. Kd2 Bc4 40. Ke3
1-0

[Event "2. Hrvatska liga zapad 2017."]
[Site "Pula, Gospić, Rijeka"]
[Date "2017.03.26"]
[Round "2.2"]
[White "Jokic, Miljenko"]
[Black "Lulic, Igor"]
[Result "1-0"]
[WhiteElo "1855"]
[BlackElo "2012"]
[PlyCount "113"]
[EventDate "2017.03.25"]

1. e4 c5 2. Nc3 e6 3. g3 Nc6 4. Bg2 Nf6 5. Nge2 Be7 6. O-O O-O 7. d4 cxd4 8.
Nxd4 d5 9. Nxc6 bxc6 10. e5 Nd7 11. Qe1 Ba6 12. Ne2 Nxe5 13. f4 Bc5+ 14. Kh1
Ng4 15. h3 Nf6 16. Rf3 Ne4 17. Be3 Bxe3 18. Rxe3 Qb6 19. Rb3 Qf2 20. Ng1 Bc4
21. Re3 Qxe1 22. Raxe1 Nd6 23. b3 d4 24. Re5 f6 25. Rc5 Bd5 26. Bxd5 cxd5 27.
Rxe6 Ne4 28. Rxd5 Rfe8 29. Rxe8+ Rxe8 30. Kg2 Nc3 31. Rxd4 Re1 32. Rd8+ Kf7 33.
Rd7+ Kg6 34. Rxa7 Rc1 35. a4 Rxc2+ 36. Kf3 Nd1 37. Ne2 Rd2 38. b4 Rd3+ 39. Kg2
Ne3+ 40. Kf2 Nd5 41. b5 Rb3 42. f5+ Kh6 43. Nf4 Nc3 44. g4 Rb4 45. Ne6 g6 46.
Nf8 gxf5 47. Rxh7+ Kg5 48. Rh5+ Kf4 49. Rxf5+ Ke4 50. Rxf6 Nxa4 51. Kg3 Rb3+
52. Kh4 Rxb5 53. g5 Nc3 54. g6 Nd5 55. Rf7 Nf4 56. g7 Kf3 57. Rxf4+ 1-0

[Event "2. Hrvatska liga zapad 2017."]
[Site "Pula, Gospić, Rijeka"]
[Date "2017.03.26"]
[Round "2.3"]
[White "Cherin, Diego"]
[Black "Bulic, Josip"]
[Result "0-1"]
[WhiteElo "2217"]
[BlackElo "2286"]
[PlyCount "62"]
[EventDate "2017.03.25"]

1. e4 Nf6 2. e5 Nd5 3. d4 d6 4. Nf3 Bg4 5. Be2 e6 6. c4 Nb6 7. exd6 cxd6 8. h3
Bh5 9. Nc3 Be7 10. d5 e5 11. g4 Bg6 12. h4 h6 13. c5 e4 14. cxb6 exf3 15. Bb5+
Nd7 16. bxa7 O-O 17. Bxd7 Qxd7 18. Qxf3 Bxh4 19. Be3 Bg5 20. Bxg5 hxg5 21. Qh3
f6 22. Kd2 b5 23. a3 Rfe8 24. f4 gxf4 25. Qf3 Qxa7 26. Qxf4 Re4 27. Nxe4 Qd4+
28. Ke1 Re8 29. Kf1 Rxe4 30. Qxd6 Rf4+ 31. Kg2 Qf2+ 0-1

[Event "2. Hrvatska liga zapad 2017."]
[Site "Pula, Gospić, Rijeka"]
[Date "2017.03.26"]
[Round "2.3"]
[White "Bulic, Domagoj"]
[Black "Jurman, Roberto"]
[Result "0-1"]
[WhiteElo "2238"]
[BlackElo "2156"]
[PlyCount "91"]
[EventDate "2017.03.25"]

1. c4 Nf6 2. Nc3 g6 3. e4 Bg7 4. d3 c5 5. f4 Nc6 6. Nf3 O-O 7. Be2 e6 8. e5 Ne8
9. Be3 Qe7 10. d4 cxd4 11. Nxd4 f6 12. exf6 Nxf6 13. O-O d5 14. Qc1 Ne4 15.
Nxc6 bxc6 16. Nxe4 dxe4 17. Qc2 Rb8 18. Rab1 e5 19. Qxe4 Bf5 20. Qxc6 exf4 21.
Qd5+ Kh8 22. Bc5 Qxe2 23. Rbe1 Qd3 24. Bxf8 Rxf8 25. Rxf4 Qxd5 26. cxd5 Rd8 27.
g4 Bd7 28. b3 Kg8 29. h3 Bf8 30. Kg2 Bc8 31. Rd1 Bb7 32. Rfd4 g5 33. Kf3 Bc5
34. R4d3 Bd6 35. Ke4 Kf7 36. Rf1+ Bf4 37. Rfd1 Ke7 38. Kf3 Kd6 39. Re1 Rd7 40.
Red1 Re7 41. Kf2 Rc7 42. Kf3 Rc2 43. a4 Rh2 44. Ke4 Re2+ 45. Kf3 Re5 46. Kf2
0-1

[Event "2. Hrvatska liga zapad 2017."]
[Site "Pula, Gospić, Rijeka"]
[Date "2017.03.26"]
[Round "2.3"]
[White "Jurman, Pjerino"]
[Black "Belamaric, Goran"]
[Result "0-1"]
[WhiteElo "1980"]
[BlackElo "2145"]
[PlyCount "68"]
[EventDate "2017.03.25"]

1. d4 Nf6 2. c4 c5 3. d5 e6 4. Nc3 exd5 5. cxd5 d6 6. Nf3 g6 7. e4 Bg7 8. Be2
O-O 9. O-O b6 10. Bf4 Ba6 11. Bxa6 Nxa6 12. Qa4 Nb4 13. Rad1 Qe8 14. a3 Qxa4
15. Nxa4 Na6 16. Bxd6 Rfe8 17. e5 Ne4 18. Nc3 Nxd6 19. exd6 Bxc3 20. bxc3 Rad8
21. Rfe1 Rxe1+ 22. Rxe1 Rxd6 23. c4 Kf8 24. Ne5 b5 25. cxb5 Nc7 26. Nc4 Rxd5
27. b6 axb6 28. Nxb6 Rd6 29. Rb1 Nd5 30. Nc4 Re6 31. f3 Re2 32. Rc1 Ra2 33. g3
f6 34. Nd6 Ne3 0-1

[Event "2. Hrvatska liga zapad 2017."]
[Site "Pula, Gospić, Rijeka"]
[Date "2017.03.26"]
[Round "2.3"]
[White "Barcal, Aleksandar"]
[Black "Crnkovic, Zdravko"]
[Result "1/2-1/2"]
[WhiteElo "2021"]
[BlackElo "2011"]
[PlyCount "69"]
[EventDate "2017.03.25"]

1. e4 e5 2. Nf3 Nc6 3. Bc4 Be7 4. c3 Nf6 5. d4 exd4 6. e5 Ng4 7. cxd4 d5 8. Bb5
h5 9. Qc2 Bd7 10. a3 Ncxe5 11. Bxd7+ Nxd7 12. Qf5 Ndf6 13. h3 Nh6 14. Qd3 c6
15. Ne5 Qc8 16. O-O Nf5 17. Re1 O-O 18. g4 hxg4 19. hxg4 Nd6 20. Kg2 Nxg4 21.
Rh1 Ne4 22. f3 Ngf2 23. Qe2 Nxh1 24. fxe4 dxe4 25. Qh5 c5 26. Nc3 Nf2 27. Be3
f6 28. Bxf2 fxe5 29. Nd5 Qe6 30. Nxe7+ Qxe7 31. Rh1 Rxf2+ 32. Kxf2 Rf8+ 33. Ke2
exd4 34. Qh7+ Kf7 35. Qf5+ 1/2-1/2

[Event "2. Hrvatska liga zapad 2017."]
[Site "Pula, Gospić, Rijeka"]
[Date "2017.03.26"]
[Round "2.3"]
[White "Fiala, Nenad"]
[Black "Kovacevic, Matija"]
[Result "0-1"]
[WhiteElo "1860"]
[BlackElo "2000"]
[PlyCount "98"]
[EventDate "2017.03.25"]

1. c4 Nf6 2. d4 c6 3. Nc3 d5 4. Bg5 dxc4 5. Bxf6 exf6 6. e4 b5 7. a4 Bb4 8.
axb5 cxb5 9. Nf3 Bb7 10. d5 Qb6 11. Qd4 Bc5 12. Qd2 a6 13. g3 Nd7 14. Bh3 Rd8
15. O-O O-O 16. Kg2 Rfe8 17. Rad1 Ne5 18. Nxe5 Rxe5 19. f4 Ree8 20. Bg4 h5 21.
Bxh5 f5 22. e5 b4 23. Na4 Rxd5 24. Nxb6 Rxd2+ 25. Kh3 Rxd1 26. Rxd1 Bxb6 27.
Rd7 Rb8 28. Bxf7+ Kh7 29. Bxc4 a5 30. g4 fxg4+ 31. Kh4 Bd8+ 32. Kh5 Be4 33.
Kxg4 a4 34. f5 Kh6 35. Rd6+ Kh7 36. Kf4 Bc2 37. f6 gxf6 38. Rd7+ Kg6 39. Bf7+
Kh6 40. e6 a3 41. bxa3 b3 42. Bg8 b2 43. e7 b1=Q 44. e8=Q Qf1+ 45. Kg4 Qg2+ 46.
Kf4 Qxh2+ 47. Kf3 Qh3+ 48. Ke2 Qg2+ 49. Ke3 Bb6+ 0-1

[Event "2. Hrvatska liga zapad 2017."]
[Site "Pula, Gospić, Rijeka"]
[Date "2017.03.26"]
[Round "2.3"]
[White "Juras, Zvonko"]
[Black "Dragic, Marko"]
[Result "1-0"]
[WhiteElo "1894"]
[BlackElo "1687"]
[PlyCount "111"]
[EventDate "2017.03.25"]

1. e4 e5 2. Nf3 Nc6 3. Bb5 Bc5 4. O-O d6 5. h3 Nf6 6. Re1 Bd7 7. c3 O-O 8. d3
h6 9. Nbd2 Qc8 10. Nf1 Bxh3 11. gxh3 Qxh3 12. N3h2 Nd7 13. Bxc6 bxc6 14. d4 Bb6
15. Ng3 Rae8 16. Be3 Re6 17. Qg4 Qxg4 18. Nxg4 Rg6 19. Nh2 exd4 20. cxd4 Nf6
21. Kh1 Re8 22. a4 a5 23. Nf5 Nxe4 24. Rg1 Ree6 25. Rxg6 fxg6 26. Nh4 g5 27.
Nf5 Kf7 28. Kg2 c5 29. Ng4 Kg6 30. d5 Re8 31. Ng3 h5 32. Nh2 g4 33. Ngf1 Nf6
34. Rd1 Re5 35. f3 Nxd5 36. Bd2 Re2+ 37. Kh1 Nf6 38. fxg4 hxg4 39. Ng3 Rf2 40.
Bc3 c4 41. Rb1 d5 42. Bxf6 gxf6 43. Nxg4 Rc2 44. b4 d4 45. bxa5 Bxa5 46. Rf1
Kg5 47. Nxf6 Kh4 48. Nf5+ Kg5 49. Ne4+ Kg4 50. Nf6+ Kg5 51. Nxd4 Ra2 52. Ne4+
Kg6 53. Rf6+ Kh7 54. Ne6 Ra1+ 55. Kg2 Bb6 56. N4g5+ 1-0

[Event "2. Hrvatska liga zapad 2017."]
[Site "Pula, Gospić, Rijeka"]
[Date "2017.03.26"]
[Round "2.4"]
[White "Grbac, Boris"]
[Black "Jurkovic, Ante"]
[Result "0-1"]
[WhiteElo "2156"]
[BlackElo "2283"]
[PlyCount "38"]
[EventDate "2017.03.25"]

1. e4 d6 2. d4 Nf6 3. Nc3 e5 4. Nf3 Nbd7 5. Bc4 Be7 6. Bxf7+ Kxf7 7. Ng5+ Kg8
8. Ne6 Qe8 9. Nxc7 Qg6 10. O-O Rb8 11. f4 Nb6 12. dxe5 dxe5 13. fxe5 Bg4 14.
Qd3 Nfd7 15. Qb5 h6 16. Be3 Qc6 17. Qb3+ Kh7 18. Rf7 Nc5 19. Bxc5 Qxc5+ 0-1

[Event "2. Hrvatska liga zapad 2017."]
[Site "Pula, Gospić, Rijeka"]
[Date "2017.03.26"]
[Round "2.4"]
[White "Kaps, Darja"]
[Black "Ghersinich, Enrico"]
[Result "1/2-1/2"]
[WhiteElo "2201"]
[BlackElo "2053"]
[PlyCount "51"]
[EventDate "2017.03.25"]

1. f4 d5 2. Nf3 g6 3. g3 Bg7 4. Bg2 Nf6 5. O-O O-O 6. d3 b6 7. Ne5 Bb7 8. c4
Nbd7 9. Nc3 e6 10. Qa4 Nc5 11. Qc2 dxc4 12. dxc4 Bxg2 13. Kxg2 Qc8 14. Be3 Qb7+
15. Kg1 Nce4 16. Nxe4 Nxe4 17. Rad1 Rad8 18. Rxd8 Rxd8 19. Rd1 Rxd1+ 20. Qxd1
Nd6 21. Qd3 Qe4 22. Qxe4 Nxe4 23. Nd3 Kf8 24. Kg2 Ke7 25. Kf3 f5 26. b3 1/2-1/2

[Event "2. Hrvatska liga zapad 2017."]
[Site "Pula, Gospić, Rijeka"]
[Date "2017.03.26"]
[Round "2.4"]
[White "Grguric, Dragan"]
[Black "Juranic, Bruno"]
[Result "0-1"]
[WhiteElo "2006"]
[BlackElo "2174"]
[PlyCount "96"]
[EventDate "2017.03.25"]

1. e4 c5 2. Nf3 a6 3. c3 e6 4. d4 d5 5. e5 Bd7 6. Bd3 cxd4 7. cxd4 Bb5 8. O-O
Nc6 9. Nc3 Bxd3 10. Qxd3 Nge7 11. Bg5 b5 12. Rfc1 Qb6 13. a4 b4 14. a5 Nxa5 15.
Na4 Qb5 16. Qxb5+ axb5 17. Nb6 Ra6 18. Nc8 Nec6 19. Nd6+ Bxd6 20. exd6 f6 21.
Bf4 Kd7 22. Rc5 Rb8 23. h3 Rbb6 24. Kh2 Nb7 25. Rxb5 Rxa1 26. Rxb6 Nxd6 27.
Bxd6 Kxd6 28. Rb7 Ra7 29. Rxa7 Nxa7 30. Kg3 Nc6 31. Kf4 Nxd4 32. Nxd4 e5+ 33.
Ke3 exd4+ 34. Kxd4 g5 35. g4 h6 36. b3 Kc6 37. Ke3 Kc5 38. Kd3 Kd6 39. Kd4 Ke6
40. Kd3 Ke5 41. Ke3 f5 42. f3 d4+ 43. Kd3 fxg4 44. hxg4 Kf4 45. Kxd4 Kxf3 46.
Kc4 Kxg4 47. Kxb4 h5 48. Kc5 h4 0-1

[Event "2. Hrvatska liga zapad 2017."]
[Site "Pula, Gospić, Rijeka"]
[Date "2017.03.26"]
[Round "2.4"]
[White "Racki, Barbara"]
[Black "Ikica, Ante"]
[Result "0-1"]
[WhiteElo "1896"]
[BlackElo "1949"]
[PlyCount "104"]
[EventDate "2017.03.25"]

1. e4 d6 2. Nf3 Nf6 3. d3 c6 4. Nbd2 e5 5. c3 Be7 6. Be2 Nbd7 7. Qc2 Nf8 8. Nf1
Ng6 9. Bd2 d5 10. h3 Qc7 11. g4 Be6 12. Ng3 O-O 13. Nf5 Bd8 14. Rg1 Nf4 15.
Bxf4 exf4 16. e5 Nd7 17. d4 c5 18. Qd2 cxd4 19. N5xd4 Nxe5 20. Nxe5 Qxe5 21.
O-O-O a6 22. Bd3 Rc8 23. Rde1 Qd6 24. Bc2 b5 25. a3 g6 26. Nf5 Bxf5 27. gxf5
Bf6 28. fxg6 hxg6 29. h4 Bxh4 30. Rh1 Bf6 31. f3 Kg7 32. Qd3 Rh8 33. Rhg1 Rh6
34. Re2 Kg8 35. Kb1 Bg7 36. Rge1 Rf8 37. Bb3 Rh5 38. Rd1 Rd8 39. Qc2 a5 40. Rh2
Rg5 41. Rh4 b4 42. axb4 axb4 43. c4 d4 44. Qh2 Rg3 45. Rh1 Qf6 46. c5 d3 47.
Rd1 Rxf3 48. Rd2 Qd4 49. Qg2 Rg3 50. Qb7 Rg1+ 51. Ka2 Rf8 52. c6 Qc5 0-1

[Event "2. Hrvatska liga zapad 2017."]
[Site "Pula, Gospić, Rijeka"]
[Date "2017.03.26"]
[Round "2.4"]
[White "Bonaca, Dario"]
[Black "Starcevic, Andrea"]
[Result "0-1"]
[WhiteElo "1931"]
[BlackElo "1850"]
[PlyCount "82"]
[EventDate "2017.03.25"]

1. d4 d5 2. c4 e6 3. Nc3 Nf6 4. Bg5 Nbd7 5. Nf3 c6 6. e3 Be7 7. Qc2 O-O 8. Bd3
Re8 9. Ne5 Nf8 10. c5 N6d7 11. Bxe7 Qxe7 12. Nxd7 Bxd7 13. f4 f6 14. O-O e5 15.
fxe5 fxe5 16. Qf2 exd4 17. exd4 Qe3 18. Rae1 Qxf2+ 19. Kxf2 Ne6 20. Bf5 Nxc5
21. dxc5 Bxf5 22. Rxe8+ Rxe8 23. Re1 Rxe1 24. Kxe1 Kf7 25. Ne2 Ke6 26. Kf2 Ke5
27. Ke3 Be4 28. g3 g5 29. Nd4 h5 30. b4 Bf5 31. Nf3+ Kf6 32. Kd4 Bg4 33. Ne5
Be2 34. h4 gxh4 35. gxh4 Kf5 36. Nf7 Kg4 37. Nd6 Kxh4 38. Nxb7 Kg3 39. Nd6 h4
40. Nf5+ Kg4 41. Ne3+ Kf3 0-1

[Event "2. Hrvatska liga zapad 2017."]
[Site "Pula, Gospić, Rijeka"]
[Date "2017.03.26"]
[Round "2.4"]
[White "Sepic, Ante"]
[Black "Ghersinich, Giuseppe"]
[Result "1/2-1/2"]
[WhiteElo "1874"]
[BlackElo "1848"]
[PlyCount "57"]
[EventDate "2017.03.25"]

1. e4 e6 2. Nf3 d5 3. exd5 exd5 4. d4 Bd6 5. h3 Nf6 6. Bd3 O-O 7. O-O h6 8. Be3
Re8 9. Qc1 Bf8 10. Re1 Nc6 11. Nbd2 Ne7 12. Bf4 c6 13. c3 Bf5 14. Qc2 Bxd3 15.
Qxd3 Ng6 16. Rxe8 Qxe8 17. Bh2 Qd8 18. Ne5 Nxe5 19. Bxe5 Bd6 20. Re1 a5 21. f3
a4 22. Nf1 b5 23. Ng3 g6 24. Qe3 Kh7 25. Kf2 Ng8 26. Qf4 Bxe5 27. Qxe5 Rc8 28.
Re2 Qf8 29. a3 1/2-1/2

[Event "2. Hrvatska liga zapad 2017."]
[Site "Pula, Gospić, Rijeka"]
[Date "2017.03.26"]
[Round "2.5"]
[White "Krsnik Cohar, Ivan Vihor"]
[Black "Ramesa, Davor"]
[Result "1-0"]
[WhiteElo "2318"]
[BlackElo "2289"]
[PlyCount "59"]
[EventDate "2017.03.25"]

1. d4 Nf6 2. Bg5 g6 3. Nd2 Bg7 4. e4 d6 5. Ngf3 O-O 6. Bd3 h6 7. Bh4 Nh5 8. O-O
Nf4 9. Bc4 Nc6 10. c3 Bd7 11. Re1 Qe8 12. Bg3 e5 13. Nh4 Kh7 14. Bxf4 exf4 15.
g3 fxg3 16. hxg3 Qc8 17. Qc2 Ne7 18. Bd3 Rb8 19. Ndf3 Be6 20. Rad1 c5 21. d5
Bg4 22. Be2 f5 23. exf5 Bxf5 24. Bd3 Bxd3 25. Qxd3 Qd7 26. Re6 Rf6 27. Rde1 Re8
28. Nxg6 Nxg6 29. Rxe8 Qf7 30. Nh4 1-0

[Event "2. Hrvatska liga zapad 2017."]
[Site "Pula, Gospić, Rijeka"]
[Date "2017.03.26"]
[Round "2.5"]
[White "Tomulic, Teo"]
[Black "Medancic, Rikard"]
[Result "1/2-1/2"]
[WhiteElo "2249"]
[BlackElo "2225"]
[PlyCount "94"]
[EventDate "2017.03.25"]

1. e4 g6 2. d4 Bg7 3. Nc3 a6 4. a4 b6 5. Nge2 Bb7 6. g3 d6 7. Bg2 Nd7 8. O-O e6
9. Be3 Ne7 10. Qd2 O-O 11. Rad1 Rb8 12. g4 Nf6 13. h3 b5 14. axb5 axb5 15. Ng3
b4 16. Nce2 Nd7 17. Bh6 Kh8 18. Bxg7+ Kxg7 19. f4 Kh8 20. f5 gxf5 21. gxf5 e5
22. f6 Ng6 23. Qh6 Rg8 24. Rf5 Qf8 25. Qh5 Nf4 26. Qf3 Nxe2+ 27. Nxe2 Rg6 28.
Rf1 Qg8 29. Rf2 Re8 30. d5 c6 31. Kh2 cxd5 32. exd5 Rc8 33. Qd3 Rc5 34. Be4 Qa8
35. Rh5 Rxd5 36. Bxd5 Bxd5 37. Nf4 exf4 38. Qxd5 Qa7 39. Qd2 Nxf6 40. Rf5 Ne4
41. Qxf4 Qxf2+ 42. Qxf2 Nxf2 43. Rxf2 Re6 44. Kg3 Kg7 45. Rf4 Re2 46. Rxb4 Rxc2
47. Rd4 Rxb2 1/2-1/2

[Event "2. Hrvatska liga zapad 2017."]
[Site "Pula, Gospić, Rijeka"]
[Date "2017.03.26"]
[Round "2.5"]
[White "Fucak, Emilio Milko"]
[Black "Mufic, Goran"]
[Result "1/2-1/2"]
[WhiteElo "2184"]
[BlackElo "2215"]
[PlyCount "23"]
[EventDate "2017.03.25"]

1. b3 e5 2. Bb2 Nc6 3. c4 Nf6 4. Nc3 d5 5. cxd5 Nxd5 6. Nf3 Nxc3 7. dxc3 Bd6 8.
e4 Qe7 9. Qc2 O-O 10. Bd3 Be6 11. h3 Rfd8 12. O-O 1/2-1/2